Meaning Of The Holy Qur’an Tran Slated In To English (Record no. 16616)
[ view plain ]
| 000 -الفاتح | |
|---|---|
| حقل البيانات ثابتة الطول | 00853nam a22002177a 4500 |
| 005 - وقت وتاريخ اخر تعامل مع التسجيلة | |
| رقم الضبط | 2012032905285.0 |
| 008 - عناصر البيانات ثابتة الطول - معلومات عامة | |
| حقل البيانات ثابتة الطول | 120329s2011 ua|||||r|||| 00| 0 ara d |
| 020 ## - الرقم الدولى المعيارى للكتب | |
| الرقم الدولى المعيارى للكتاب | 9789770929735 |
| 082 ## - رقم تصنيف ديوى العشرى | |
| رقم الطبعة | 22 |
| رقم التصنيف | 221.42 |
| رقم المادة | MEA |
| 245 ## - بيان العنوان | |
| العنوان | Meaning Of The Holy Qur’an Tran Slated In To English |
| 260 ## - PUBLICATION, DISTRIBUTION, ETC. (IMPRINT) | |
| مكان الناشر او الموزع | Cairo : |
| اسم الناشر او الموزع | DarElshroul, |
| تاريخ النشر أو التوزيع | 2011. |
| 300 ## - الوصف المادى | |
| التعداد | 815P. ; |
| أبعاد الوعاء | 24 cm. + |
| المادة المصاحبة | 1 CD. |
| 650 ## - المدخل الاضافى بالموضوع-مصطلح موضوعى | |
| 9 (RLIN) | 16674 |
| مصطلح موضوعي أو اسم جغرافي كعنصر مدخل | Al Quraan. |
| 650 ## - المدخل الاضافى بالموضوع-مصطلح موضوعى | |
| 9 (RLIN) | 26245 |
| مصطلح موضوعي أو اسم جغرافي كعنصر مدخل | Islam. |
| 653 ## - مصطلح تكشيفى غير مقيد | |
| Resource For college | |
| Arrived date list | March2012 |
| 700 ## - المدخل الاضافى - اسم شخصى | |
| 9 (RLIN) | 29493 |
| الإسم الشخصى | Hamid, Ahmed |
| 700 ## - المدخل الاضافى - اسم شخصى | |
| 9 (RLIN) | 29494 |
| الإسم الشخصى | Hamed, Mohamed |
| 942 ## - عناصر المدخل الإضافي( كوها) | |
| مصدر التصنيف او مخطط الترفيف | Dewey Decimal Classification |
| Koha [default] item type | Book - Borrowing |
| حالة التراجع | حالة الفقد | مصدر التصنيف او خطة الترفيف | حالة تلف | ليس للاعارة | مجموعات كوها | المكان الدائم | المكان الحالي | موقع الترفيف | تاريخ الاكتساب | Source of acquisition | سعر الشراء الطبيعي | تعداد مسلسل / التسلسل الزمني | رقم الاستدعاء | الباركود | Date last seen | نوع الوعاء |
|---|---|---|---|---|---|---|---|---|---|---|---|---|---|---|---|---|
| Dewey Decimal Classification | Central Library | Central Library | Ground Floor | 29/03/2012 | 150.00 | 28 | 221.42 MEA | 000026556 | 15/07/2025 | Reference (NB) | ||||||
| Dewey Decimal Classification | Central Library | Central Library | Lower Floor | 29/03/2012 | 221.42 MEA | 000026557 | 24/08/2022 | CD | DVD - With book (NB) |